Teoretické a praktické otázky protiinflačnej politiky v súvislosti s trhom práce

SR v základných makroekonomických ukazovateľoch. Vývoj ekonomiky SR krátko pred vstupom do EMU a po vstupe do Hospodárskej a menovej únie. Cenová stabilita ako jeden zo základných makroekonomických ukazovateľov. Faktory ovplyvňujúce reálnu ekonomiku.

Salvato in:
Dettagli Bibliografici
Autore principale: Poláčková, Hana, 1968-
Natura: Capitolo di libro
Lingua:slovacco
Soggetti:
Tags: Aggiungi Tag
Nessun Tag, puoi essere il primo ad aggiungerne!!

MARC

LEADER 00000naa$a2200000$$$4500
001 0119751
005 20240502083311.1
041 0 |a slo 
044 |a CZ 
245 1 0 |a Teoretické a praktické otázky protiinflačnej politiky v súvislosti s trhom práce  |c Hana Poláčková 
520 |a SR v základných makroekonomických ukazovateľoch. Vývoj ekonomiky SR krátko pred vstupom do EMU a po vstupe do Hospodárskej a menovej únie. Cenová stabilita ako jeden zo základných makroekonomických ukazovateľov. Faktory ovplyvňujúce reálnu ekonomiku. 
610 2 0 |a situácia hospodárska 
610 2 0 |a politika hospodárska 
610 2 0 |a ukazovatele makroekonomické 
610 2 0 |a Slovensko 
610 2 0 |a únie hospodárske 
610 2 0 |a únie menové 
610 2 0 |a vývoj hospodársky 
610 2 0 |a stabilita cien 
610 2 0 |a prostredie životné 
610 2 0 |a kvalita ovzdušia 
610 2 0 |a kvalita pôdy 
610 2 0 |a kvalita vody 
610 2 0 |a rast hospodársky 
100 1 |a Poláčková, Hana, 1968-